Lolita
Saved in:
| Hovedforfatter: | |
|---|---|
| Format: | Bog |
| Sprog: | spansk |
| Udgivet: |
Barcelona
Anagrama
1991
|
| Udgivelse: | 1a. ed |
| Serier: | Compactos Anagrama, 34
|
| Fag: | |
| Tags: |
Tilføj Tag
Ingen Tags, Vær først til at tagge denne postø!
|
MARC
| LEADER | 00000cam a2200000 a 4500 | ||
|---|---|---|---|
| 001 | UCG8589 | ||
| 003 | CL-VaPUC | ||
| 008 | 111223e19910000SP |||||||||||||||||spa|d | ||
| 020 | |a 8433920383 | ||
| 082 | 0 | 4 | |a 891.73 |b NAB |2 21 |
| 100 | |a Nabokov, Vladimir |e autor |9 319681 | ||
| 245 | 1 | 0 | |a Lolita |
| 250 | |a 1a. ed | ||
| 300 | |a 344 p | ||
| 942 | |c BK | ||
| 945 | |d 20111223 00:00:00 |a cmena | ||
| 260 | |a Barcelona |b Anagrama |c 1991 | ||
| 650 | 0 | |a Novelas rusas |9 316330 | |
| 650 | 0 | |a Literatura rusa |9 318370 | |
| 583 | |a last modification |c 20120322 04:58:39 |k Rodrigo Vera | ||
| 490 | 0 | |a Compactos Anagrama, 34 | |
| 999 | |c 346195 |d 346193 | ||
| 952 | |0 0 |1 0 |4 0 |6 891_730000000000000_NAB_1991 |7 0 |8 A |9 446781 |a BIBEDU |b BIBEDU |d 2019-11-22 |i 4814444 |l 6 |m 3 |o 891.73 NAB 1991 |p 4814444 |r 2025-03-24 |s 2025-03-17 |w 2019-11-22 |y BK |k LIT | ||